| 000 | 00897nam a2200229Ia 4500 | ||
|---|---|---|---|
| 001 | 15789 | ||
| 003 | GE_BSU | ||
| 008 | 181216s||||||||xx |||||||||||||| ||und|| | ||
| 040 | _cGE_BSU | ||
| 080 | _a821.353.1-31 | ||
| 100 | _aჭილაია, სერგი (1912-1992) | ||
| 245 | _aშვილები : ქრონიკა | ||
| 245 | _bგაგრძელება რომანისა "ეკატერინე ჭავჭავაძე | ||
| 245 | _cრედ.ლ.თურმანიძე. მხატვ.ს.ცინცაძე | ||
| 260 | _aთბილისი | ||
| 260 | _bმერანი | ||
| 260 | _c1971 | ||
| 300 | _a215 გვ. ; 20 სმ | ||
| 653 | _aგაგრძელება რომანისა "ეკატერინე ჭავჭავაძე | ||
| 653 | _aშვილები : ქრონიკა | ||
| 942 | _cBK | ||
| 999 |
_c48886 _d48886 |
||